000 01725nam a2200505 i 4500
001 4304
003 KOSZ 005
005 20201008123509.0
008 970903s1990 pl a f f |000 0 pol
015 _aUWD 1990/7953
020 _a830109642X
035 _a991002391429705066
035 _a(PL-WaBN)b10659304-48omnis_nlop
035 _ab10659304
035 _a(OCoLC)749399692
035 _a(PL)b0000001065930
035 _a(EXLNZ-48OMNIS_NETWORK)9910369636205606
040 _aWA N
_cWA N
_dKOSZ 005/HR
046 _k1990
080 _a621.43
080 _a(075.8)
100 1 _aRychter, Tadeusz
_d(1939-2005)
_eAutor
245 1 0 _aModelowanie matematyczne roboczego cyklu silnika tłokowego /
_cTadeusz Rychter, Andrzej Teodorczyk.
260 _aWarszawa :
_bPańst. Wydaw. Naukowe,
_c1990.
300 _a314, [2] s. :
_brys., wykr. ;
_c24 cm.
336 _aTekst
_btxt
_2rdacontent
337 _aBez urządzenia pośredniczącego
_bn
_2rdamedia
338 _aWolumin
_bnc
_2rdacarrier
380 _aKsiążki
380 _aPublikacje dydaktyczne
385 _mPoziom nauczania
_aSzkoły wyższe
388 _a1901-2000
388 _a1989-2000
504 _aBibliogr. przy rozdz.
521 _aDla studentów wyższych szkół technicznych na kierunku mechanika.
650 7 _aSilniki spalinowe
_2DBN
650 7 _aSilniki tłokowe
650 7 _aModele matematyczne
655 7 _aPodręczniki akademickie
_2DBN
658 _aInżynieria i technika
700 1 _aTeodorczyk, Andrzej
_d(1951- )
_eAutor
856 _uhttp://koha.tu.koszalin.pl/cgi-bin/koha/opac-detail.pl?biblionumber=4304
_yKatalog online BPK
942 _2UKD
_cKS
999 _c4304
_d4304